• Kristeller, Paul Oskar,

di Personal Name

Records bibliografici associati: 1

001 - CONTROL NUMBER

  • control field: 51257

003 - CONTROL NUMBER IDENTIFIER

  • control field: IT-RoINE

005 - DATE AND TIME OF LATEST TRANSACTION

  • control field: 20180704093535.0

008 - FIXED-LENGTH DATA ELEMENTS

  • fixed length control field: 180704|| aca||aabn | a|a d

040 ## - CATALOGING SOURCE

  • Original cataloging agency: IT-RoINE
  • Transcribing agency: IT-RoINE

100 ## - HEADING--PERSONAL NAME

  • Personal name: Kristeller, Paul Oskar,
  • Dates associated with a name: 1905-1999

670 ## - SOURCE DATA FOUND

  • Source citation: Work cat.: (IT-RoINE)0: Kristeller, Paul Oskar, 1905-1999, Latin manuscript books before 1600 :, 2007.